000 00192nam a2200097Ia 4500
008 240331s9999 xx 000 0 und d
082 _bIQB
100 _aIqbal,A
245 0 _aViththu
942 _cL
999 _c4710
_d4710